000
00314nam a22001217a 4500
008
250507b |||||||| |||| 00| 0 eng d
020
_a
9789352691593
050
_a
P90
_b
.S56
100
_a
Singh Sanoj
245
_a
Emerging media in the new millenium
260
_a
New Delhi
_b
Randem publications
_c
2019
942
_c
BK
999
_c
3354
_d
3354